Statystyki dla Top 100 polskich kanałów na YouTube wg subskrypcji (2021)

Kliknij tutaj aby rozwiązać quiz!

Ogólne statystyki

  • Ten quiz został rozwiązany 2 997 razy
  • Średni wynik to 22 z 100

Statystyki odpowiedzi

NrKanałLiczba subskrypcji% Poprawnych
3Karol Friz Wiśniewski4,19 mln
96%
1Blowek4,63 mln
94%
4reZigiusz4,1 mln
80%
2Stuu4,29 mln
80%
23WERSOW1,97 mln
78%
35Tromba1,73 mln
71%
61MINI MAJK1,4 mln
56%
5SA Wardega3,64 mln
55%
6AbstrachujeTV3,45 mln
51%
8Naruciak3,15 mln
51%
25tomasz gimper działowy1,89 mln
44%
29TheNitroZyniak1,83 mln
43%
44Marcin Dubiel1,59 mln
42%
11IsAmU2,41 mln
39%
12SBM Label2,38 mln
38%
22YOUNG MULTI & YFL1,97 mln
37%
9DISCO MAREK2,71 mln
36%
48BOXDEL1,52 mln
35%
31Mandzio1,8 mln
35%
15Kamerzysta2,25 mln
33%
13Vito Minecraft2,25 mln
33%
26Wojan1,88 mln
33%
21Kaluch1,99 mln
32%
17izak LIVE2,14 mln
29%
16Karolek2,21 mln
29%
10Planeta Faktów2,68 mln
29%
51Boruciak1,51 mln
28%
84Kruszwil1,16 mln
28%
95Palion1,06 mln
28%
145 Sposobów na...2,25 mln
25%
32BEKSY1,8 mln
24%
88Mixer1,15 mln
22%
7Step Records3,42 mln
22%
71Agnieszka Grzelak Beauty1,25 mln
21%
62Sitr0x1,36 mln
21%
67WAKSY1,31 mln
21%
87ZeboPL1,16 mln
21%
47Agnieszka Grzelak Vlog1,53 mln
20%
86Jacob1,16 mln
20%
33JDabrowsky1,74 mln
20%
45skkf1,55 mln
19%
59wip bros1,44 mln
19%
41ROJSON1,66 mln
18%
18QueQuality2,13 mln
17%
53Remigiusz Maciaszek1,49 mln
17%
19tvnpl2,12 mln
17%
60TVN Series1,43 mln
17%
28BRACIA MALCZYŃSCY1,84 mln
15%
37Dizowskyy1,69 mln
15%
43THEUNBOXALL1,61 mln
15%
34FIT LOVERS1,73 mln
14%
38Niekryty Krytyk1,68 mln
14%
76NIEPRZYGOTOWANI: Nowe Pokolenie1,23 mln
14%
57Red Lipstick Monster1,47 mln
14%
54Z Dvpy1,49 mln
14%
30DeeJayPallaside1,82 mln
13%
90Doknes1,12 mln
13%
36GPlay: Minecraft Jest Nasz!1,72 mln
13%
89Hejka tu Lenka1,13 mln
13%
65Dominik Łupicki1,32 mln
12%
55RoxMb1,47 mln
12%
73Cyber Marian1,24 mln
11%
72Dilerek Minecraft1,24 mln
11%
77Medusa Official1,22 mln
11%
58Ponki1,44 mln
11%
85Vertez1,16 mln
11%
80NOLIF1,19 mln
10%
49smiechawaTV1,52 mln
10%
70TRENUJ Z KRZYCHEM1,26 mln
10%
63AdBuster1,36 mln
9%
68Historia bez cenzury1,29 mln
9%
42JASNA STRONA1,66 mln
9%
27KaliGanjaMafia1,85 mln
9%
24ProstoTV1,95 mln
9%
50Taco Hemingway1,51 mln
9%
66Martin Stankiewicz1,31 mln
8%
74Poszukiwacz1,24 mln
8%
20SPInkafilmstudio2,1 mln
8%
98Szparagi1,05 mln
8%
39BORCREW OFFICIAL1,68 mln
7%
64Dawid Frank1,33 mln
7%
93dezydery1,08 mln
7%
83Cypisolo1,17 mln
6%
96Krzysztof Gonciarz1,05 mln
6%
81Topowa Dycha1,18 mln
6%
82True Beauty1,18 mln
6%
91Zuzanna Borucka1,09 mln
6%
92TOP10Wszystkiego1,09 mln
5%
79TVGRYpl1,19 mln
5%
78GilathissNew1,2 mln
4%
56NewBadLabel1,47 mln
4%
52UrbanRecTv1,5 mln
4%
1007 metrów pod ziemią1,05 mln
3%
99AsfaltRecords1,05 mln
3%
75Miłośnicy czterech kółek -zrób to sam1,24 mln
3%
97Reżyser Życia1,05 mln
3%
94SciFun1,07 mln
3%
69Disco Polo Lajf1,28 mln
2%
40MagicRecordsPoland1,68 mln
2%
46Cyberpunk 20771,53 mln
1%

Rozkład punktacji

Percentyl według liczby udzielonych odpowiedzi

Procent ludzi z każdym wynikiem

Twoja historia wyników

Nie rozwiązałeś tego quizu